Planar transmission line structures /

Bibliographic Details
Corporate Author: IEEE Microwave Theory and Techniques Society
Other Authors: Itoh, Tatsuo
Format: Book
Language:English
Published: New York : IEEE Press, [1987]
Series:IEEE Press selected reprint series
Subjects:

MARC

Tag First Indicator Second Indicator Subfields
LEADER 00000cam a2200000 a 4500
001 in00000010513
005 20151007051401.0
008 870717r1987 nyua b 00100 eng
010 |a  87017277  
020 |a 0879422327 
035 |a (OCoLC)16353599 
035 |9 AAA2724AM 
040 |a DLC  |c DLC  |d TXA  |d UtOrBLW 
049 |a TXAM  |c [A11030803] 
050 0 0 |a TK7876  |b .P55 1987 
082 0 |a 621.381/32  |2 19 
245 0 0 |a Planar transmission line structures /  |c edited by Tatsuo Itoh. 
264 1 |a New York :  |b IEEE Press,  |c [1987] 
264 4 |c ©1987 
300 |a ix, 413 pages :  |b illustrations ;  |c 29 cm. 
336 |a text  |b txt  |2 rdacontent 
337 |a unmediated  |b n  |2 rdamedia 
338 |a volume  |b nc  |2 rdacarrier 
490 0 |a IEEE Press selected reprint series 
500 |a "Prepared under the sponsorship of the IEEE Microwave Theory and Techniques Society." 
504 |a Includes bibliographies and indexes. 
650 0 |a Microwave transmission lines. 
700 1 |a Itoh, Tatsuo. 
710 2 |a IEEE Microwave Theory and Techniques Society. 
999 |a MARS 
999 f f |s 11cebb3b-546b-3155-92f7-8cbcbfc69258  |i 5a9064e8-30ee-3b3d-bb78-06b4bac2b02a  |t 0 
952 f f |p ric  |a Texas A&M University  |b Rellis Campus  |c Joint Library Facility  |d Remote Storage  |t 0  |e TK7876 .P55 1987  |h Library of Congress classification  |i unmediated -- volume  |m A14811030803 
998 f f |a TK7876 .P55 1987  |t 0  |l Remote Storage